Wszystkie Polskie Kluby (Do 4 Ligi) - Statystyki

Ogólne statystyki
  • Ten quiz został rozwiązany 201 razy
  • Średni wynik to 43 z 423
Statystyki odpowiedzi
Hint Odpowiedź % Poprawnych
Ekstraklasa Legia Warszawa
77%
Ekstraklasa Lech Poznań
75%
Ekstraklasa Cracovia
68%
Ekstraklasa Jagiellonia Białystok
68%
Fortuna 1 Liga Lechia Gdańsk
68%
Ekstraklasa ŁKS Łódź
68%
Ekstraklasa Pogoń Szczecin
68%
Ekstraklasa Śląsk Wrocław
67%
Ekstraklasa Widzew Łódź
67%
Fortuna 1 Liga Arka Gdynia
65%
Ekstraklasa Górnik Zabrze
65%
Ekstraklasa Zagłebie Lubin
65%
Ekstraklasa Korona Kielce
64%
Ekstraklasa Raków Częstochowa
63%
Ekstraklasa Ruch Chorzów
63%
Fortuna 1 Liga Wisła Kraków
63%
Ekstraklasa Radomiak Radom
62%
Ekstraklasa Warta Poznań
62%
Ekstraklasa Stal Mielec
60%
Fortuna 1 Liga Motor Lublin
59%
Ekstraklasa Piast Gliwice
59%
Fortuna 1 Liga Polonia Warszawa
58%
Ekstraklasa Puszcza Niepołomice
57%
Fortuna 1 Liga Stal Rzeszów
56%
Fortuna 1 Liga Wisła Płock
56%
Fortuna 1 Liga GKS Katowice
54%
Fortuna 1 Liga Miedź Legnica
54%
Fortuna 1 Liga Resovia Rzeszów
54%
Fortuna 1 Liga Odra Opole
53%
Fortuna 1 Liga Zagłębie Sosnowiec
51%
Fortuna 1 Liga GKS Tychy
49%
Fortuna 1 Liga Górnik Łęczna
45%
EWINNER 2 LIGA Stomil Olsztyn
44%
EWINNER 2 LIGA Kotwica Kołobrzeg
43%
EWINNER 2 LIGA Polonia Bytom
42%
Fortuna 1 Liga Podbeskidzie Bielsko-Biała
39%
III Liga - Grupa II Zawisza Bydgoszcz
39%
EWINNER 2 LIGA Hutnik Kraków
37%
EWINNER 2 LIGA Sandecja Nowy Sącz
37%
III Liga - Grupa II Elana Toruń
36%
Fortuna 1 Liga Bruk-Bet Termalica
35%
Fortuna 1 Liga Chrobry Głogów
35%
EWINNER 2 LIGA Olimpia Elbląg
34%
EWINNER 2 LIGA Stal Stalowa Wola
33%
III Liga - Grupa I GKS Bełchatów
32%
EWINNER 2 LIGA Pogoń Siedlce
32%
EWINNER 2 LIGA Skra Częstochowa
30%
EWINNER 2 LIGA Chojniczanka Chojnice
29%
4 LIGA PODLASKA Wigry Suwałki
27%
EWINNER 2 LIGA Wisła Puławy
27%
III Liga - Grupa IV Garbarnia Kraków
25%
EWINNER 2 LIGA Olimpia Grudziądz
25%
EWINNER 2 LIGA GKS Jastrzębie
24%
III Liga - Grupa III Lechia Zielona Góra
24%
III Liga - Grupa IV Unia Tarnów
23%
III Liga - Grupa I Legia II
22%
III Liga - Grupa IV Avia Świdnik
21%
III Liga - Grupa II Flota Świnoujście
21%
4 LIGA ŚLĄSKA (GRUPA 2) ROW Rybnik
20%
III Liga - Grupa IV Siarka Tarnobrzeg
20%
III Liga - Grupa I Pogoń Grodzisk Mazowiecki
19%
4 LIGA POMORSKA Bałtyk Gdynia
18%
III Liga - Grupa II Błękitni Stargard
18%
III Liga - Grupa IV KSZO Ostrowiec
18%
EWINNER 2 LIGA Lech Poznań II
18%
III Liga - Grupa I ŁKS Łomża
18%
III Liga - Grupa I Unia Skierniewice
18%
EWINNER 2 LIGA ŁKS Łódź II
17%
III Liga - Grupa III Rekord Bielsko-Biała
17%
III Liga - Grupa IV Wisłoka Dębica
17%
III Liga - Grupa III Górnik Polkowice
16%
4 LIGA ZACHODNIOPOMORSKA Gwardia Koszalin
16%
4 LIGA PODKARPACKA Polonia Przemyśl
16%
EWINNER 2 LIGA Radunia Stężyca
16%
4 LIGA ŁÓDZKA RKS Radomsko
16%
III Liga - Grupa I Warta Sieradz
16%
III Liga - Grupa I Broń Radom
15%
4 LIGA POMORSKA Gryf Słupsk
15%
III Liga - Grupa IV Karpaty Krosno
15%
III Liga - Grupa I Lechia Tomaszów Mazowiecki
15%
4 LIGA ŚLĄSKA (GRUPA 2) Odra Wodzisław Śląski
15%
EWINNER 2 LIGA Zagłębie Lubin II
15%
4 LIGA POMORSKA Gryf Wejherowo
14%
III Liga - Grupa I Mławianka Mława
13%
III Liga - Grupa I Pelikan Łowicz
13%
III Liga - Grupa IV Podhale Nowy Targ
13%
III Liga - Grupa II Pogoń Szczecin II
13%
III Liga - Grupa III Ślęza Wrocław
13%
III Liga - Grupa IV Chełmianka Chełm
12%
III Liga - Grupa I Concordia Elbląg
11%
4 LIGA MAZOWIECKA Hutnik Warszawa
11%
4 LIGA PODKARPACKA JKS Jarosław
11%
III Liga - Grupa II Polonia Środa Wielkopolska
11%
III Liga - Grupa IV Star Starachowice
11%
III Liga - Grupa I Świt Nowy Dwór
11%
4 LIGA MAZOWIECKA Ursus Warszawa
11%
III Liga - Grupa III Warta Gorzów
11%
4 LIGA ŚWIĘTOKRZYSKA Wisła Sandomierz
11%
III Liga - Grupa I Jagiellonia Białystok II
10%
III Liga - Grupa III MKS Kluczbork
10%
4 LIGA ŚLĄSKA (GRUPA 1) Ruch Radzionków
10%
4 LIGA OPOLSKA Stal Brzeg
10%
III Liga - Grupa II Świt Skolwin
10%
4 LIGA ŚLĄSKA (GRUPA 1) Szombierki Bytom
10%
4 LIGA ZACHODNIOPOMORSKA Bałtyk Koszalin
9%
4 LIGA ŁÓDZKA Ceramika Opoczno
9%
III Liga - Grupa II Gedania Gdańsk
9%
III Liga - Grupa III Gwarek Tarnowskie Góry
9%
4 LIGA KUJAWSKO-POMORSKA Polonia Bydgoszcz
9%
4 LIGA ŁÓDZKA Sokół Aleksandrów Łódzki
9%
4 LIGA ŁÓDZKA Widzew II Łódź
9%
III Liga - Grupa III Carina Gubin
8%
III Liga - Grupa I GKS Wikielec
8%
4 LIGA PODKARPACKA Igloopol Dębica
8%
III Liga - Grupa III Karkonosze Jelenia Góra
8%
4 LIGA ŚWIĘTOKRZYSKA Korona II Kielce
8%
III Liga - Grupa III LKS Goczałkowice Zdrój
8%
4 LIGA LUBELSKA Lublinianka Lublin
8%
III Liga - Grupa I Pilica Białobrzegi
8%
4 LIGA POMORSKA Pogoń Lębork
8%
4 LIGA OPOLSKA Polonia Nysa
8%
4 LIGA ŚLĄSKA (GRUPA 1) Rozwój Katowice
8%
III Liga - Grupa II Sokół Kleczew
8%
III Liga - Grupa IV Świdniczanka Świdnik
8%
4 LIGA MAŁOPOLSKA Unia Oświęcim
8%
III Liga - Grupa II Unia Swarzędz
8%
III Liga - Grupa I Victoria Sulejówek
8%
4 LIGA MAŁOPOLSKA Wisła II Kraków
8%
4 LIGA ZACHODNIOPOMORSKA Chemik Police
7%
4 LIGA WIELKOPOLSKA Jarota Jarocin
7%
III Liga - Grupa II Noteć Czarnków
7%
4 LIGA LUBELSKA Tomasovia Tomaszów Lubelski
7%
III Liga - Grupa II Vineta Wolin
7%
4 LIGA KUJAWSKO-POMORSKA Wda Świecie
7%
4 LIGA POMORSKA Arka II Gdynia
6%
4 LIGA ŁÓDZKA Boruta Zgierz
6%
III Liga - Grupa II Cartusia Kartuzy
6%
EWINNER 2 LIGA KKS 1925 Kalisz
6%
4 LIGA PODKARPACKA Korona Rzeszów
6%
4 LIGA DOLNOŚLĄSKA Lechia Dzierżoniów
6%
4 LIGA MAZOWIECKA Mazovia Mińsk Mazowiecki
6%
4 LIGA WIELKOPOLSKA Nielba Wągrowiec
6%
III Liga - Grupa IV Orlęta Radzyń Podlaski
6%
III Liga - Grupa IV Podlasie Biała Podlaska
6%
III Liga - Grupa II Pogoń Nowe Skalmierzyce
6%
4 LIGA PODKARPACKA Pogoń-Sokół Lubaczów
6%
4 LIGA LUBELSKA Stal Kraśnik
6%
4 LIGA ŚLĄSKA (GRUPA 1) Szczakowianka Jaworzno
6%
III Liga - Grupa IV Wiślanie Jaśkowice
6%
4 LIGA PODKARPACKA Cosmos Nowotaniec
5%
III Liga - Grupa IV Czarni Połaniec
5%
4 LIGA LUBUSKA Czarni Żagań
5%
III Liga - Grupa IV KS Wiązownica
5%
4 LIGA LUBELSKA Łada Biłgoraj
5%
4 LIGA WARMIŃSKO-MAZURSKA Mazur Ełk
5%
4 LIGA ŚLĄSKA (GRUPA 1) MKS Myszków
5%
4 LIGA ŚLĄSKA (GRUPA 1) Podlesianka Katowice
5%
4 LIGA ŚLĄSKA (GRUPA 1) Sparta Katowice
5%
III Liga - Grupa II Stolem Gniewino
5%
III Liga - Grupa II Unia Solec Kujawski
5%
III Liga - Grupa II Wikęd Luzino
5%
4 LIGA ŚWIĘTOKRZYSKA AKS Busko Zdrój
4%
4 LIGA PODKARPACKA Błękitni Ropczyce
4%
4 LIGA MAZOWIECKA Błonianka Błonie
4%
4 LIGA POMORSKA Chojniczanka II Chojnice
4%
4 LIGA KUJAWSKO-POMORSKA Cuiavia Inowrocław
4%
4 LIGA MAŁOPOLSKA Dalin Myślenice
4%
4 LIGA PODKARPACKA Ekoball Sanok
4%
4 LIGA ŚWIĘTOKRZYSKA Granat Skarżysko-Kamienna
4%
4 LIGA POMORSKA Grom Nowy Staw
4%
4 LIGA PODKARPACKA Izolator Boguchwała
4%
4 LIGA POMORSKA Jaguar Gdańsk
4%
4 LIGA WARMIŃSKO-MAZURSKA Jeziorak Iława
4%
4 LIGA MAŁOPOLSKA Kalwarianka Kalwaria Zebrzydowska
4%
4 LIGA ZACHODNIOPOMORSKA Kluczevia Stargard
4%
4 LIGA ŁÓDZKA KS Kutno
4%
4 LIGA PODLASKA KS Wasilków
4%
III Liga - Grupa IV KS Wieczysta Kraków
4%
4 LIGA PODKARPACKA Lechia Sędziszów Małopolski
4%
4 LIGA KUJAWSKO-POMORSKA Lech Rypin
4%
III Liga - Grupa I Legionowo
4%
4 LIGA PODKARPACKA Legion Pilzno
4%
4 LIGA LUBELSKA Lewart Lubartów
4%
4 LIGA MAŁOPOLSKA Limanovia Limanowa
4%
4 LIGA DOLNOŚLĄSKA Miedź II Legnica
4%
4 LIGA WIELKOPOLSKA Mieszko Gniezno
4%
4 LIGA DOLNOŚLĄSKA Moto-Jelcz Oława
4%
4 LIGA LUBELSKA Motor II Lublin
4%
4 LIGA ŚWIĘTOKRZYSKA Neptun Końskie
4%
III Liga - Grupa III Odra Bytom Odrzański
4%
4 LIGA WIELKOPOLSKA Ostrovia Ostrów Wielkopolski
4%
4 LIGA WIELKOPOLSKA Polonia Leszno
4%
4 LIGA LUBUSKA Polonia Słubice
4%
4 LIGA POMORSKA Pomezania Malbork
4%
4 LIGA KUJAWSKO-POMORSKA Pomorzanin Toruń
4%
4 LIGA LUBUSKA Promień Żary
4%
4 LIGA PODKARPACKA Resovia II
4%
4 LIGA PODLASKA RUCH Wysokie Mazowieckie
4%
4 LIGA PODKARPACKA Sokół Kolbuszowa Dolna
4%
III Liga - Grupa IV Sokół Sieniawa
4%
4 LIGA POMORSKA Sparta Sycewice
4%
4 LIGA PODKARPACKA Stal II Rzeszów
4%
4 LIGA PODKARPACKA Stal Łańcut
4%
4 LIGA LUBELSKA Start Krasnystaw
4%
4 LIGA ŚLĄSKA (GRUPA 1) Unia Dąbrowa Górnicza
4%
4 LIGA MAZOWIECKA Wisła II Płock
4%
4 LIGA PODLASKA Wissa Szczuczyn
4%
4 LIGA ZACHODNIOPOMORSKA Wybrzeże Rewalskie Rewal
4%
4 LIGA MAZOWIECKA Ząbkovia Ząbki
4%
4 LIGA MAŁOPOLSKA Beskid Andrychów
3%
4 LIGA KUJAWSKO-POMORSKA Chemik Bydgoszcz
3%
4 LIGA MAŁOPOLSKA Glinik Gorlice
3%
4 LIGA WIELKOPOLSKA Huragan Pobiedziska
3%
4 LIGA LUBUSKA Ilanka Rzepin
3%
4 LIGA WIELKOPOLSKA Kotwica Kórnik
3%
4 LIGA KUJAWSKO-POMORSKA Lider Włocławek
3%
4 LIGA LUBUSKA Lubuszanin Drezdenko
3%
4 LIGA PODLASKA MOSP Białystok
3%
4 LIGA WARMIŃSKO-MAZURSKA Motor Lubawa
3%
4 LIGA OPOLSKA Odra II Opole
3%
4 LIGA ŚLĄSKA (GRUPA 1) Piast II Gliwice
3%
4 LIGA DOLNOŚLĄSKA Piast Żmigród
3%
4 LIGA WIELKOPOLSKA Polonia Chodzież
3%
4 LIGA WARMIŃSKO-MAZURSKA Polonia Lidzbark Warmiński
3%
4 LIGA ŁÓDZKA Polonia Piotrków Trybunalski
3%
4 LIGA MAŁOPOLSKA Poprad Muszyna
3%
4 LIGA POMORSKA Radunia II Stężyca
3%
4 LIGA KUJAWSKO-POMORSKA Sparta Brodnica
3%
III Liga - Grupa II Starogard Gdański
3%
4 LIGA POMORSKA Supra Kwidzyn
3%
4 LIGA PODLASKA Tur Bielsk Podlaski
3%
III Liga - Grupa III Unia Turza Śląska
3%
4 LIGA ŚLĄSKA (GRUPA 1) Victoria Częstochowa
3%
4 LIGA WIELKOPOLSKA Victoria Września
3%
4 LIGA MAŁOPOLSKA Watra Białka Tatrzańska
3%
4 LIGA PODKARPACKA Wisłok Wiśniowa
3%
4 LIGA WARMIŃSKO-MAZURSKA Znicz Biała Piska
3%
4 LIGA ZACHODNIOPOMORSKA Biali Sądów
2%
4 LIGA MAŁOPOLSKA Bocheński KS
2%
4 LIGA DOLNOŚLĄSKA Chrobry II Głogów
2%
4 LIGA PODLASKA Cresovia Siemiatycze
2%
4 LIGA ZACHODNIOPOMORSKA Darłovia Darłowo
2%
4 LIGA ŚWIĘTOKRZYSKA GKS Nowiny
2%
III Liga - Grupa III Górnik Zabrze 2
2%
4 LIGA PODLASKA Hetman Tykocin
2%
4 LIGA ŚWIĘTOKRZYSKA Hetman Włoszczowa
2%
4 LIGA ZACHODNIOPOMORSKA Ina Goleniów
2%
4 LIGA LUBELSKA Janowianka Janów Lubelski
2%
4 LIGA ŁÓDZKA ŁKS III Łódź
2%
4 LIGA MAŁOPOLSKA LKS Jawiszowice
2%
4 LIGA MAŁOPOLSKA Lubań Maniowy
2%
4 LIGA WARMIŃSKO-MAZURSKA Mamry Giżycko
2%
4 LIGA MAŁOPOLSKA MKS Trzebinia
2%
4 LIGA POMORSKA MKS Władysławowo
2%
4 LIGA ŚWIĘTOKRZYSKA Moravia Morawica
2%
4 LIGA LUBUSKA Odra Nietków
2%
4 LIGA ŁÓDZKA Omega Kleszczów
2%
4 LIGA MAŁOPOLSKA Orzeł Ryczów
2%
4 LIGA ZACHODNIOPOMORSKA Orzeł Wałcz
2%
4 LIGA OPOLSKA Piast Strzelce Opolskie
2%
4 LIGA ŚWIĘTOKRZYSKA Pogoń Staszów
2%
4 LIGA LUBUSKA Pogoń Świebodzin
2%
4 LIGA ŚLĄSKA (GRUPA 2) Polonia Łaziska Górne
2%
4 LIGA DOLNOŚLĄSKA Polonia Środa Śląska
2%
4 LIGA POMORSKA Powiśle Dzierzgoń
2%
4 LIGA PODLASKA Promień Mońki
2%
4 LIGA ŚLĄSKA (GRUPA 1) Przemsza Siewierz
2%
III Liga - Grupa III Śląsk Wrocław 2
2%
4 LIGA ŚLĄSKA (GRUPA 2) Spójnia Landek
2%
4 LIGA WARMIŃSKO-MAZURSKA Stomil II Olsztyn
2%
4 LIGA KUJAWSKO-POMORSKA Tłuchowia Tłuchowo
2%
4 LIGA ŁÓDZKA Warta Działoszyn
2%
4 LIGA WIELKOPOLSKA Wiara Lecha Poznań
2%
4 LIGA ŁÓDZKA AKS SMS Łódź
1%
4 LIGA ŚWIĘTOKRZYSKA Alit Ożarów
1%
4 LIGA POMORSKA Anioły Garczegorze
1%
4 LIGA ŚWIĘTOKRZYSKA Arka Pawłów
1%
4 LIGA MAŁOPOLSKA Barciczanka Barcice
1%
4 LIGA DOLNOŚLĄSKA Barycz Sułów
1%
4 LIGA ZACHODNIOPOMORSKA Błękitni II Stargard
1%
4 LIGA DOLNOŚLĄSKA Bobrzanie Bolesławiec
1%
4 LIGA WIELKOPOLSKA Centra Ostrów Wielkopolski
1%
4 LIGA KUJAWSKO-POMORSKA Chełminianka Chełmno
1%
4 LIGA WARMIŃSKO-MAZURSKA Constract Lubawa
1%
4 LIGA PODLASKA Czarni Czarna Białostocka
1%
4 LIGA PODLASKA Dąb Dąbrowa Białostocka
1%
4 LIGA ŚLĄSKA (GRUPA 1) Drama Zbrosławice
1%
4 LIGA MAZOWIECKA Drogowiec Jedlińsk
1%
4 LIGA OPOLSKA Fortuna Głogówek
1%
4 LIGA POMORSKA Gedania II Gdańsk
1%
4 LIGA ŚLĄSKA (GRUPA 2) GKS II Tychy
1%
4 LIGA POMORSKA GKS Kolbudy
1%
4 LIGA ŚWIĘTOKRZYSKA GKS Rudki
1%
4 LIGA LUBELSKA Górnik II Łęczna
1%
4 LIGA DOLNOŚLĄSKA Górnik Złotoryja
1%
4 LIGA WARMIŃSKO-MAZURSKA Granica Kętrzyn
1%
4 LIGA LUBELSKA Granit Bychawa
1%
4 LIGA LUBELSKA Huragan Międzyrzec Podlaski
1%
4 LIGA ZACHODNIOPOMORSKA Iskierka Śmierdnica
1%
4 LIGA DOLNOŚLĄSKA Iskra Księginice
1%
4 LIGA ŚWIĘTOKRZYSKA Klimontowianka Klimontów
1%
4 LIGA WIELKOPOLSKA Korona Piaski
1%
4 LIGA PODLASKA Krypnianka Krypno
1%
4 LIGA LUBELSKA KS Drzewce
1%
4 LIGA PODLASKA KS Grabówka
1%
4 LIGA PODLASKA KS Michałowo
1%
4 LIGA MAZOWIECKA KS Raszyn
1%
4 LIGA PODLASKA KS Śniadowo
1%
4 LIGA MAZOWIECKA KS Troszyn
1%
4 LIGA KUJAWSKO-POMORSKA Kujawianka Izbica Kujawska
1%
4 LIGA ŚLĄSKA (GRUPA 2) Kuźnia Ustroń
1%
4 LIGA LUBUSKA Lechia II Zielona Góra
1%
4 LIGA WIELKOPOLSKA Lipno Stęszew
1%
4 LIGA ŚLĄSKA (GRUPA 2) LKS Bełk
1%
4 LIGA ŚLĄSKA (GRUPA 2) LKS Czaniec
1%
4 LIGA WIELKOPOLSKA LKS Gołuchów
1%
4 LIGA KUJAWSKO-POMORSKA Łokietek Brześć Kujawski
1%
4 LIGA DOLNOŚLĄSKA Łużyce Lubań
1%
4 LIGA ŚWIĘTOKRZYSKA Łysica Bodzentyn
1%
4 LIGA OPOLSKA Małapanew Ozimek
1%
4 LIGA MAZOWIECKA Marcovia Marki
1%
4 LIGA MAZOWIECKA Mazur Karczew
1%
4 LIGA ZACHODNIOPOMORSKA Mechanik Bobolice
1%
4 LIGA ZACHODNIOPOMORSKA MKP Szczecinek
1%
4 LIGA ŚLĄSKA (GRUPA 2) MKS Lędziny
1%
4 LIGA MAZOWIECKA MKS Piaseczno
1%
4 LIGA WARMIŃSKO-MAZURSKA Mrągowia Mrągowo
1%
4 LIGA ŚLĄSKA (GRUPA 2) MRKS Czechowice-Dziedzice
1%
4 LIGA MAZOWIECKA Mszczonowianka Mszczonów
1%
4 LIGA MAŁOPOLSKA Niwa Nowa Wieś
1%
4 LIGA WIELKOPOLSKA Obra Kościan
1%
4 LIGA ZACHODNIOPOMORSKA Olimp Gościno
1%
4 LIGA WARMIŃSKO-MAZURSKA Olimpia II Elbląg
1%
4 LIGA WARMIŃSKO-MAZURSKA Olimpia Olsztynek
1%
4 LIGA LUBELSKA Opolanin Opole Lubelskie
1%
4 LIGA ŁÓDZKA Orkan Buczek
1%
4 LIGA KUJAWSKO-POMORSKA Orlęta Aleksandrów Kujawski
1%
4 LIGA PODLASKA Orlęta Czyżew
1%
4 LIGA ŚWIĘTOKRZYSKA Orlęta Kielce
1%
4 LIGA ŚLĄSKA (GRUPA 2) Orzeł Łękawica
1%
4 LIGA MAZOWIECKA Oskar Przysucha
1%
4 LIGA DOLNOŚLĄSKA Piast Nowa Ruda
1%
4 LIGA ŚLĄSKA (GRUPA 2) Podbeskidzie II
1%
4 LIGA KUJAWSKO-POMORSKA Pogoń Mogilno
1%
4 LIGA OPOLSKA Pogoń Prudnik
1%
4 LIGA WARMIŃSKO-MAZURSKA Polonia Iłowo
1%
4 LIGA WIELKOPOLSKA Polonia Kępno
1%
4 LIGA DOLNOŚLĄSKA Polonia-Stal Świdnica
1%
4 LIGA KUJAWSKO-POMORSKA Pomorzanin Serock
1%
4 LIGA DOLNOŚLĄSKA Prochowiczanka
1%
III Liga - Grupa III Raków Częstochowa 2
1%
4 LIGA WARMIŃSKO-MAZURSKA Rominta Gołdap
1%
4 LIGA OPOLSKA Ruch Zdzieszowice
1%
4 LIGA ŁÓDZKA Skalnik Sulejów
1%
4 LIGA DOLNOŚLĄSKA Słowianin Wolibórz
1%
4 LIGA PODKARPACKA Sokół Kamień
1%
4 LIGA MAZOWIECKA Sokół Serock
1%
4 LIGA ŚWIĘTOKRZYSKA Spartakus Daleszyce
1%
4 LIGA PODLASKA Sparta Szepietowo
1%
4 LIGA LUBUSKA Stal Jasień
1%
4 LIGA LUBUSKA Stal Sulęcin
1%
III Liga - Grupa III Starowice Dolne
1%
4 LIGA ŁÓDZKA Start Brzeziny
1%
4 LIGA POMORSKA Start Miastko
1%
4 LIGA KUJAWSKO-POMORSKA Start Pruszcz
1%
4 LIGA LUBUSKA Syrena Zbąszynek
1%
4 LIGA WIELKOPOLSKA Tarnovia Tarnowo Podgórne
1%
4 LIGA WARMIŃSKO-MAZURSKA Tęcza Biskupiec
1%
4 LIGA ŚLĄSKA (GRUPA 2) Tempo Puńców
1%
4 LIGA MAŁOPOLSKA Termalica II Nieciecza
1%
4 LIGA ZACHODNIOPOMORSKA Unia Dolice
1%
4 LIGA ŚLĄSKA (GRUPA 1) Unia Rędziny
1%
4 LIGA KUJAWSKO-POMORSKA Unia Wąbrzeźno
1%
4 LIGA LUBUSKA Warta II Gorzów Wielkopolski
1%
4 LIGA MAZOWIECKA Weszło Warszawa
1%
4 LIGA MAŁOPOLSKA Wierchy Rabka Zdrój
1%
4 LIGA ŚWIĘTOKRZYSKA Wierna Małogoszcz
1%
4 LIGA ZACHODNIOPOMORSKA Wieża Postomino
1%
4 LIGA MAZOWIECKA Wilga Garwolin
1%
4 LIGA ŁÓDZKA Włókniarz Zelów
1%
4 LIGA MAŁOPOLSKA Wolania Wola Rzędzińska
1%
4 LIGA ŚLĄSKA (GRUPA 1) Zagłębie II Sosnowiec
1%
4 LIGA ŁÓDZKA Zjednoczeni Stryków
1%
4 LIGA ŁÓDZKA Zryw Wygoda
1%
4 LIGA LUBUSKA 4 Pogoń Skwierzyna
0%
4 LIGA LUBUSKA Dąb Przybyszów
0%
4 LIGA WARMIŃSKO-MAZURSKA DKS Dobre Miasto
0%
4 LIGA PODKARPACKA Głogovia Głogów Małopolska
0%
4 LIGA DOLNOŚLĄSKA Górnik Nowe Miasto Wałbrzych
0%
4 LIGA LUBELSKA Grom Kąkolewnica
0%
4 LIGA LUBELSKA Gryf Zamość
0%
4 LIGA ŚLĄSKA (GRUPA 2) Gwarek Ornontowice
0%
4 LIGA MAZOWIECKA Józefovia Józefów
0%
4 LIGA LUBUSKA Korona Kożuchów
0%
4 LIGA LUBELSKA Kryształ Werbkowice
0%
4 LIGA DOLNOŚLĄSKA KS Łomnica
0%
4 LIGA ŚLĄSKA (GRUPA 2) LKS Tworków
0%
4 LIGA OPOLSKA LZS Bogacica
0%
4 LIGA OPOLSKA LZS Domaszkowice
0%
4 LIGA OPOLSKA LZS Piotrówka
0%
4 LIGA OPOLSKA LZS Walce
0%
4 LIGA LUBUSKA Meprozet Stare Kurowo
0%
4 LIGA OPOLSKA MKS Gogolin
0%
4 LIGA KUJAWSKO-POMORSKA Noteć Łabiszyn
0%
4 LIGA ZACHODNIOPOMORSKA Odra Chojna
0%
4 LIGA LUBELSKA Ogniwo Wierzbica
0%
4 LIGA ŚLĄSKA (GRUPA 1) Orzeł Miedary
0%
4 LIGA ZACHODNIOPOMORSKA Perła Dygowo
0%
III Liga - Grupa III Pniówek-74 Pawłowice
0%
4 LIGA WIELKOPOLSKA Pogoń Łobżenica
0%
4 LIGA OPOLSKA Polonia Karłowice
0%
4 LIGA OPOLSKA Porawie Większyce
0%
4 LIGA ŚLĄSKA (GRUPA 2) Rekord II Bielsko-Biała
0%
4 LIGA LUBUSKA Spójnia Ośno Lubuskie
0%
4 LIGA LUBUSKA Sprotavia Szprotawa
0%
4 LIGA ŚWIĘTOKRZYSKA Stal Kunów
0%
4 LIGA LUBELSKA Stal Poniatowa
0%
4 LIGA ŁÓDZKA Szczerbiec Wolbórz
0%
4 LIGA OPOLSKA Victoria Chróścice
0%
4 LIGA DOLNOŚLĄSKA Zenit Międzybórz
0%
4 LIGA ŚLĄSKA (GRUPA 1) Znicz Kłobuck
0%
Nie znaleziono quizów pasujących do podanych kryteriów
Rozkład punktacji
Procent ludzi z każdym wynikiem
Percentyl według liczby udzielonych odpowiedzi
Twoja historia wyników
Nie rozwiązałeś tego quizu